000 00504cam a2200193ua 4500
001 2725
005 20260515113549.0
008 110908n ii |||gr||||Z||||||asm
040 _cMAIN
082 _a891.4512
100 _aPathak, Dayananda,
245 1 1 _aAsamiya natak aru pasatya prasanga
_cby Dayananda Pathak
250 _a1st.
260 _aGuahati:
_bLawyers book stall,996.
300 _a114p:
_c23cm.
653 _aAssamese drama
653 _aAsamiya natak aru pasatya prasanga
942 _cBK
999 _c2573
_d2573